Compendio menor de gramática castellana... / (Record no. 166168)

MARC details
000 -LEADER
campo de control de longitud fija 00607nam a22001695i 4500
001 - NÚMERO DE CONTROL
campo de control 166168
003 - IDENTIFICADOR DE NÚMERO DE CONTROL
campo de control ES-MaACL
005 - FECHA Y HORA DE LA ÚLTIMA TRANSACCIÓN
campo de control 20230906213257.0
008 - DATOS DE LONGITUD FIJA--INFORMACIÓN GENERAL
campo de control de longitud fija 001122s1847 sp |||| | spa d
080 ## - NÚMERO DE LA CLASIFICACIÓN DECIMAL UNIVERSAL
Número de la Clasificación Decimal Universal 811.134.2'36
100 1# - ENTRADA PRINCIPAL--NOMBRE DE PERSONA
Nombre de persona Terradillos, Ángel María.
9 (RLIN) 133185
245 10 - MENCIÓN DEL TÍTULO
Título Compendio menor de gramática castellana... /
Mención de responsabilidad, etc. por Ángel María Terradillos.
260 ## - PUBLICACIÓN, DISTRIBUCIÓN, ETC.
Lugar de publicación, distribución, etc. Madrid :
Nombre del editor, distribuidor, etc. [s.n.],
Fecha de publicación, distribución, etc. 1847 (
Fabricante Imp. de la Viuda de Jordán e Hijos)
300 ## - DESCRIPCIÓN FÍSICA
Extensión 95 p. ;
Dimensiones 16 cm.
650 #4 - PUNTO DE ACCESO ADICIONAL DE MATERIA--TÉRMINO DE MATERIA
Término de materia o nombre geográfico como elemento de entrada Lengua española-
Subdivisión general Gramática.
9 (RLIN) 14161
852 4# - LOCALIZACIÓN
Ubicación ES-MaACL
Número de control de estantería T-39-F-2
Nota libre - Enc. hol.
-- - Enc. en un vol. facticio
Holdings
Estatus retirado Estado de pérdida Estado de daño No para préstamo Colección Biblioteca de origen Biblioteca actual Ubicación en estantería Fecha de adquisición Total de préstamos Signatura topográfica completa Código de barras Visto por última vez Precio de reemplazo Tipo de ítem Koha
        Colección de folletos Biblioteca del Ateneo de Madrid Biblioteca del Ateneo de Madrid Depósito folletos 17/01/2008   T-39-F-2 1174267 23/02/2023 23/02/2023 Folleto